Membres du 667 - Statistiques

Statistiques générales
  • Ce quiz a été pris 61 fois
  • Le résultat moyen est 8 sur 22
Statistiques - réponses
Hint Réponse % Correct
1 Freeze Corleone
100%
2 Osirus Jack
98%
3 Zuukou Mayzie
77%
5 Doc OVG
60%
12 Black Jack OBS
55%
8 Slim C
55%
6 Afro S
53%
10 Kaki Santana
53%
4 Norsacce Berlusconi
47%
membre jusqu'en 2019 Lala &ce
38%
membre jusqu'en 2017 Jorrdee
36%
17 Rifa Samb
26%
7 Congo Bill
21%
très proche Flem KGB
11%
13 Odeuxzero
11%
18 Shaka
11%
9 Dubble G Kiluavi
9%
19 Sogui
6%
16 Moh Money
4%
14 Ocho Puccino
4%
15 Sobek le Zini
4%
11 Savage Martin 667
2%
Aucun quiz correspondant
Distribution des résultats
% des personnes avec chaque résultat
Percentile par nombre de réponses
Votre historique - résultats
Vous n’avez pas pris ce quiz